Statistics for Airports Named for People #2

Click here to take the quiz!

General Stats

  • This quiz has been taken 12,255 times
    (12,197 since last reset)
  • The average score is 9 of 22

Answer Stats

PersonCity% Correct
John F. KennedyNew York
98%
Pierre TrudeauMontreal
72%
Chinggis KhaanUlaanbaatar
61%
Willy BrandtBerlin
60%
Frédéric ChopinWarsaw
56%
Alexander PushkinMoscow
55%
Bill & Hillary ClintonLittle Rock
48%
Amerigo VespucciFlorence
45%
Franz Josef StraussMunich
45%
Nikola TeslaBelgrade
44%
William Hartsfield &
Maynard Jackson
Atlanta
43%
SukarnoJakarta
41%
Galileo GalileiPisa
38%
Toussaint LouverturePort-au-Prince
38%
Napoleon BonaparteAjaccio
36%
Nënë Tereza
(a.k.a. Mother Theresa)
Tirana
34%
Yasser ArafatRafah (Gaza)
29%
Shaka ZuluDurban
25%
Muhammad Ali JinnahKarachi
21%
Muhammad AliLouisville
21%
Charles Kingsford SmithSydney
18%
Ibn BattutaTangier
8%

Score Distribution

Percentile by Number Answered

Percent of People with Each Score

Your Score History

You have not taken this quiz since the last reset